Experimental examination of bacteriophage latent-period evolution as a response to bacterial availability /

Spremljeno u:
Bibliografski detalji
Glavni autor: Abedon, Stephen T.
Daljnji autori: Hyman, Paul., Thomas, Cameron.
Format: Članak
Jezik:English
Teme:
Oznake: Dodaj oznaku
Bez oznaka, Budi prvi tko označuje ovaj zapis!
Thư viện lưu trữ: Thư viện Trường Đại học Đà Lạt
LEADER 00878nam a2200277 4500
001 DLU090092944
005 ##20091201
040 # # |a DLU  |b eng 
041 # # |a eng 
044 # # |a us 
100 # # |a Abedon, Stephen T. 
245 # # |a Experimental examination of bacteriophage latent-period evolution as a response to bacterial availability /  |c Stephen T. Abedon, Paul Hyman, Cameron Thomas. 
653 # # |a Bacteria 
653 # # |a Virus 
700 # # |a Hyman, Paul. 
700 # # |a Thomas, Cameron.  
773 # # |t Applied and Environmental Microbiology  |g Vol. 69, no. 12 (December 2003), p. 7499-7506 
920 # # |a Phòng Tạp chí -- Trung tâm Thông tin - Thư viện Trường Đại học Đà Lạt 
994 # # |a DLU 
900 # # |a True 
911 # # |a Trương Bảo Trâm Anh 
925 # # |a G 
926 # # |a A 
927 # # |a BB 
980 # # |a Thư viện Trường Đại học Đà Lạt